[Event "I Open B"]
[Site "Pedavena ITA"]
[Date "2005.08.05"]
[Round "5"]
[White "Bettini, Alessandro"]
[Black "Trazzi, Enrico"]
[Result "1/2-1/2"]
[WhiteElo "1766"]
[BlackElo "1670"]
[PlyCount "105"]
[EventDate "2005.08.03"]

1. d4 d6 2. Nf3 g6 3. e4 Bg7 4. c3 Nd7 5. Be3 e5 6. dxe5 Nxe5 7. Nxe5 Bxe5 8.
Bd4 Be6 9. Bxe5 dxe5 10. Qxd8+ Rxd8 11. Na3 a6 12. Bc4 Ke7 13. Ke2 Nf6 14. f3
Nd7 15. Bxe6 Kxe6 16. Nc4 Nb8 17. Rhd1 Nc6 18. Rxd8 Rxd8 19. Ne3 Ne7 20. b4 b6
21. a4 f6 22. h4 h5 23. g3 f5 24. Rg1 Rg8 25. Rd1 fxe4 26. fxe4 g5 27. hxg5
Rxg5 28. Kf3 Rg8 29. Rh1 Rh8 30. b5 axb5 31. axb5 Rh7 32. Ke2 Rg7 33. Kf2 Rh7
34. Ng2 Ng6 35. Ke3 Rh8 36. Ke2 Kd6 37. Ne3 Ne7 38. Nf5+ Nxf5 39. exf5 Ke7 40.
g4 h4 41. g5 Rg8 42. g6 Kf6 43. Rf1 h3 44. Ke3 h2 45. Ke4 Rh8 46. Rh1 Rh4+ 47.
Kd5 e4 48. Kd4 Kxf5 49. g7 Rg4 50. Rxh2 Rxg7 51. Rf2+ Ke6 52. Kxe4 Rg4+ 53. Kd3
1/2-1/2

[Event "I Open B"]
[Site "Pedavena ITA"]
[Date "2005.08.05"]
[Round "5"]
[White "Capizzi, Biagio"]
[Black "Binder, Andrea"]
[Result "1/2-1/2"]
[WhiteElo "1578"]
[BlackElo "1688"]
[PlyCount "105"]
[EventDate "2005.08.03"]

1. d4 d6 2. c4 Nf6 3. Nc3 g6 4. e4 Bg7 5. Be2 O-O 6. Bg5 Nbd7 7. Qd2 c6 8. Nf3
Qc7 9. O-O a6 10. Rac1 b6 11. a3 Bb7 12. Nh4 e5 13. d5 Nc5 14. Qc2 h6 15. Be3
Qe7 16. Nf3 Ng4 17. Bxc5 dxc5 18. h3 Nf6 19. Nd2 Rfd8 20. f4 exf4 21. Rxf4 Nd7
22. Rff1 Bd4+ 23. Kh1 Ne5 24. Nf3 Nxf3 25. Bxf3 Qh4 26. Qe2 h5 27. Qe1 Qe7 28.
Qe2 Re8 29. Rfe1 Qh4 30. Rf1 Bxc3 31. Rxc3 cxd5 32. cxd5 Bxd5 33. e5 Bxf3 34.
Qxf3 Qe7 35. Rd3 Rad8 36. Rd6 Rxd6 37. exd6 Qd7 38. Qb3 Re6 39. Qxb6 Qxd6 40.
Qb3 Qb6 41. Qf3 Qc7 42. Rc1 Qe5 43. Qf2 Qd4 44. Qc2 Rb6 45. Qxc5 Qxb2 46. Rc2
Qa1+ 47. Kh2 Re6 48. Rc3 Qe1 49. Qc8+ Kg7 50. Rf3 Qe5+ 51. Kg1 Qa1+ 52. Kh2
Qe5+ 53. Kg1 1/2-1/2

[Event "I Open B"]
[Site "Pedavena ITA"]
[Date "2005.08.05"]
[Round "5"]
[White "Chiesa, Roberto"]
[Black "Paveglio, Mattia"]
[Result "0-1"]
[WhiteElo "1682"]
[BlackElo "1515"]
[PlyCount "74"]
[EventDate "2005.08.03"]

1. d4 d5 2. c4 e6 3. Nc3 Nf6 4. Bg5 Nbd7 5. e3 c6 6. Nf3 Bb4 7. Bd3 Qa5 8. O-O
Bxc3 9. bxc3 Qxc3 10. Rc1 Qa5 11. Qc2 h6 12. Bh4 g5 13. Bg3 Rg8 14. Nd2 h5 15.
Nb3 Qd8 16. h4 Ng4 17. Be2 gxh4 18. Bf4 Ngf6 19. Nd2 h3 20. g3 h4 21. Qd1 Nf8
22. Bd3 Qd7 23. Nf3 Rh8 24. Nxh4 h2+ 25. Kxh2 e5 26. Bf5 Qxf5 27. Bxe5 Qh3+ 28.
Kg1 Ng4 29. Qxg4 Bxg4 30. Bxh8 Ng6 31. f3 Nxh4 32. gxh4 Qg3+ 33. Kh1 Qxh4+ 34.
Kg1 Qg3+ 35. Kh1 Bxf3+ 36. Rxf3 Qxf3+ 37. Kg1 Qxe3+ 0-1

[Event "I Open B"]
[Site "Pedavena ITA"]
[Date "2005.08.05"]
[Round "5"]
[White "Cocuzzi, Edoardo"]
[Black "Tonus, Alex"]
[Result "1-0"]
[WhiteElo "1689"]
[BlackElo "1702"]
[PlyCount "114"]
[EventDate "2005.08.03"]

1. e4 c5 2. Bc4 e6 3. Nc3 Nc6 4. Nf3 g6 5. d3 Bg7 6. Bd2 a5 7. a3 Nge7 8. Qc1
b5 9. Ba2 Bb7 10. O-O O-O 11. Bh6 d5 12. Qg5 f6 13. Qc1 Kh8 14. Bxg7+ Kxg7 15.
Nd2 c4 16. exd5 exd5 17. dxc4 dxc4 18. Rd1 Qc7 19. Nde4 Rad8 20. Nc5 Bc8 21.
Qe3 Ne5 22. f3 Rfe8 23. Rxd8 Rxd8 24. Rd1 Nf5 25. Qf2 Rxd1+ 26. Nxd1 Qd6 27.
Nc3 Nd7 28. N5e4 Qe6 29. Qd2 Qb6+ 30. Qf2 Qe6 31. Nd1 Bb7 32. Nd2 Qd6 33. Bb1
Nc5 34. Ne3 Ne7 35. Qe2 Na4 36. b4 Nc3 37. Qe1 Qd4 38. Kf1 Nxb1 39. Nxb1 Qf4
40. Ng4 Nf5 41. Qc3 Nh4 42. Qe3 Qxe3 43. Nxe3 f5 44. Kf2 f4 45. Ng4 Nf5 46. c3
h5 47. Ne5 Ne3 48. Nd7 g5 49. Nc5 Bc8 50. g3 Bf5 51. gxf4 gxf4 52. Ne4 Kg6 53.
Nbd2 Bxe4 54. Nxe4 Nc2 55. Ke2 Kf5 56. h3 Ne3 57. Nc5 Nd5 {...} 1-0

[Event "I Open B"]
[Site "Pedavena ITA"]
[Date "2005.08.05"]
[Round "5"]
[White "De Colle, Camillo"]
[Black "Solinas, Roberto"]
[Result "1-0"]
[WhiteElo "1661"]
[BlackElo "1634"]
[PlyCount "125"]
[EventDate "2005.08.03"]

1. e4 e5 2. Nf3 f5 3. d4 fxe4 4. Nxe5 Nf6 5. Bg5 Be7 6. Bxf6 Bxf6 7. Qh5+ g6 8.
Qe2 d6 9. Ng4 Bxd4 10. c3 Bg7 11. Qxe4+ Qe7 12. Qxe7+ Kxe7 13. Ne3 Re8 14. Nd2
Bh6 15. O-O-O Be6 16. Bc4 Bxe3 17. fxe3 Nd7 18. Bxe6 Kxe6 19. Nf3 h6 20. e4 Ne5
21. Nd4+ Kd7 22. Rhf1 Rf8 23. Kc2 Nc4 24. Kb3 Nd2+ 25. Rxd2 Rxf1 26. Nf3 Re8
27. e5 g5 28. h3 Re6 29. c4 Ke7 30. exd6+ cxd6 31. Kb4 Re4 32. b3 g4 33. hxg4
Rh1 34. Nd4 Rxg4 35. Nf5+ Ke6 36. Nxd6 Rh2 37. Nxb7 Rgxg2 38. Nc5+ Ke5 39. Rd5+
Kf4 40. a3 Rd2 41. Ne6+ Ke4 42. Nc5+ Kf3 43. Rf5+ Kg4 44. Rf6 h5 45. Rf7 h4 46.
Rxa7 h3 47. Rg7+ Kf3 48. Rf7+ Kg2 49. Rg7+ Kf1 50. Ne4 Rhg2 51. Rf7+ Rdf2 52.
Nxf2 Rxf2 53. Rh7 h2 54. a4 Kg1 55. c5 h1=Q 56. Rxh1+ Kxh1 57. Kb5 Kg2 58. c6
Rc2 59. b4 Kf3 60. Kb6 Ke4 61. c7 Rc4 62. b5 Kd5 63. Kb7 1-0

[Event "I Open B"]
[Site "Pedavena ITA"]
[Date "2005.08.05"]
[Round "5"]
[White "Fausone, Vincenzo"]
[Black "Cassol, Michele"]
[Result "0-1"]
[WhiteElo "1419"]
[BlackElo "1694"]
[PlyCount "124"]
[EventDate "2005.08.03"]

1. e4 e5 2. Nf3 Nc6 3. Bb5 a6 4. Ba4 Nf6 5. O-O b5 6. Bb3 Be7 7. Re1 O-O 8. c3
d6 9. h3 Na5 10. Bc2 Re8 11. d4 Nd7 12. Nbd2 Bf8 13. b4 Nc6 14. d5 Ne7 15. Bb2
Nb6 16. Nh2 Bb7 17. Qh5 g6 18. Qe2 Bg7 19. Rab1 Rc8 20. Bb3 c6 21. dxc6 Rxc6
22. Qf3 Rf8 23. Qe3 h6 24. Rbd1 Qc7 25. a3 Re8 26. Ng4 Kh7 27. Bxf7 Rf8 28. Ba2
Na4 29. Ba1 Nxc3 30. Bxc3 Rxc3 31. Qe2 Rxa3 32. Bb1 Rc3 33. Rf1 Nc6 34. f4 exf4
35. Nf3 Nxb4 36. Nd4 Qb6 37. Qd2 Rc4 38. Kh1 Rxd4 39. Qe2 Rxd1 40. Rxd1 h5 41.
Nf2 Qe3 42. Qf3 Qxf3 43. gxf3 Rd8 44. Rg1 Be5 45. Rc1 Rc8 46. Rd1 Rc3 47. Nd3
Nxd3 48. Bxd3 Kg7 49. Bb1 Rxf3 50. Rc1 Rc3 51. Rg1 Bc8 52. h4 Rh3+ 53. Kg2 Rxh4
54. Rc1 Bh3+ 55. Kf2 Bd4+ 56. Kf3 Be5 57. Rc7+ Kf6 58. Ba2 Bg4+ 59. Kf2 Rh2+
60. Kg1 Rxa2 61. Kf1 h4 62. Rh7 h3 0-1

[Event "I Open B"]
[Site "Pedavena ITA"]
[Date "2005.08.05"]
[Round "5"]
[White "Foroni, Francesco"]
[Black "Fabrello, Alessandro"]
[Result "1-0"]
[WhiteElo "1791"]
[BlackElo "1506"]
[PlyCount "97"]
[EventDate "2005.08.03"]

1. Nf3 e6 2. e3 d5 3. d4 Nf6 4. Bd3 Bd6 5. Nbd2 Nbd7 6. O-O O-O 7. Re1 e5 8. e4
Re8 9. exd5 exd4 10. Ne4 Bf8 11. Bg5 Be7 12. d6 cxd6 13. Nxf6+ Bxf6 14. Bxf6
Nxf6 15. Nxd4 Rxe1+ 16. Qxe1 Qb6 17. Nb3 Bd7 18. Qd2 Re8 19. Re1 Rxe1+ 20. Qxe1
Qd8 21. c3 b6 22. Nd4 d5 23. Qe5 Qe8 24. Qxe8+ Bxe8 25. f3 g6 26. Kf2 Kf8 27.
Ke3 Ke7 28. Kf4 Nd7 29. b4 Nb8 30. Ke5 f5 31. a3 Bf7 32. Bb5 Nd7+ 33. Bxd7 Kxd7
34. Kf6 Be8 35. Kg7 h5 36. Kf6 Kd6 37. Ne6 Ba4 38. Nf4 a5 39. Kxg6 Bc2 40. Kf6
axb4 41. axb4 Kc6 42. Ke5 Bb3 43. Nxh5 Kb5 44. Kd4 Bc4 45. Ng7 Bf1 46. g3 f4
47. gxf4 Bg2 48. f5 Bxf3 49. f6 1-0

[Event "I Open B"]
[Site "Pedavena ITA"]
[Date "2005.08.05"]
[Round "5"]
[White "Giorgiutti, Jacopo"]
[Black "Trento, Giacomo"]
[Result "1-0"]
[WhiteElo "1428"]
[BlackElo "1531"]
[PlyCount "91"]
[EventDate "2005.08.03"]

1. d4 d6 2. c4 Bf5 3. Nc3 Nf6 4. Nf3 Nbd7 5. e3 e5 6. dxe5 dxe5 7. Be2 Bd6 8.
h3 Qe7 9. a3 c5 10. Nd5 Nxd5 11. Qxd5 O-O-O 12. b4 Nf6 13. Qd1 cxb4 14. axb4
Bxb4+ 15. Bd2 Bxd2+ 16. Nxd2 Ne4 17. O-O Rxd2 18. Qe1 Qg5 19. Bf3 Rhd8 20. Rxa7
Kb8 21. Qa1 Rc2 22. Ra8+ Kc7 23. Qa5+ Kc6 24. Rxd8 Rb2 25. Qd5+ Kc7 26. Bxe4
Qxd8 27. Qxe5+ Qd6 28. Qxb2 Bxe4 29. Qxg7 Qe6 30. Qd4 Qg6 31. Qe5+ Kc6 32. Qb5+
Kc7 33. Qc5+ Kb8 34. Qf8+ Kc7 35. Qe7+ Kc6 36. Qe8+ Kc7 37. f3 Bf5 38. Qe5+ Kc8
39. Qc5+ Kb8 40. Rd1 b6 41. Rd8+ Kb7 42. Qe7+ Kc6 43. Qe8+ Kc7 44. Rb8 Qg5 45.
Ra8 Bxh3 46. Qxf7+ 1-0

[Event "I Open B"]
[Site "Pedavena ITA"]
[Date "2005.08.05"]
[Round "5"]
[White "Schenal, Giacomo"]
[Black "Giuliani, Andrea"]
[Result "0-1"]
[WhiteElo "1670"]
[BlackElo "1523"]
[PlyCount "48"]
[EventDate "2005.08.03"]

1. c4 Nf6 2. Nc3 g6 3. g3 Bg7 4. Bg2 O-O 5. e3 d6 6. Nge2 Be6 7. Bxb7 Bxc4 8.
Bxa8 c6 9. d3 Be6 10. Qa4 Qc7 11. b4 Nd5 12. Bb2 Nb6 13. Qa5 N8d7 14. f3 Rxa8
15. Nf4 Ne5 16. Ke2 Bc8 17. Rac1 Bb7 18. Qa3 c5 19. e4 cxb4 20. Qxb4 Nc6 21.
Qa3 Bd4 22. Nb5 Bc5 23. Rxc5 dxc5 24. Qxc5 Na4 0-1

[Event "I Open B"]
[Site "Pedavena ITA"]
[Date "2005.08.06"]
[Round "6"]
[White "Belardinelli, Franco"]
[Black "Foroni, Francesco"]
[Result "0-1"]
[WhiteElo "1772"]
[BlackElo "1791"]
[PlyCount "50"]
[EventDate "2005.08.03"]

1. e4 Nc6 2. d4 d5 3. e5 Bf5 4. Nf3 e6 5. Bd3 Bxd3 6. Qxd3 f6 7. exf6 Nxf6 8.
O-O Bd6 9. Re1 Qd7 10. Nc3 O-O 11. Bg5 Rae8 12. a3 Qf7 13. Re2 Qh5 14. Nb5 Ne4
15. Nxd6 Nxd6 16. Bd2 Ne4 17. Rae1 a6 18. h3 Rf6 19. Nh2 Qh4 20. c4 Nxf2 21.
Bg5 Nxh3+ 22. Qxh3 Qxg5 23. Rxe6 Ref8 24. Rxf6 Qxf6 25. cxd5 Qf2+ 0-1

[Event "I Open B"]
[Site "Pedavena ITA"]
[Date "2005.08.06"]
[Round "6"]
[White "Binder, Andrea"]
[Black "Barazza, Remo"]
[Result "1-0"]
[WhiteElo "1688"]
[BlackElo "1596"]
[PlyCount "81"]
[EventDate "2005.08.03"]

1. Nf3 Nf6 2. c4 g6 3. b3 Bg7 4. Bb2 d6 5. g3 b6 6. Bg2 Bb7 7. O-O c5 8. e3 O-O
9. d4 Ne8 10. Nc3 cxd4 11. exd4 Na6 12. Re1 e6 13. Qd2 Nec7 14. Rac1 Rc8 15. a3
d5 16. Ne5 Qd6 17. b4 f6 18. c5 Qe7 19. c6 fxe5 20. cxb7 Rce8 21. dxe5 Nb8 22.
f4 Nca6 23. Rc2 Rd8 24. Nb5 Qxb7 25. Nd6 Qd7 26. Rec1 Kh8 27. Bf1 Kg8 28. Bd4
Kh8 29. b5 Nc5 30. Bxc5 bxc5 31. Rxc5 Qe7 32. Rc7 Nd7 33. Rxa7 Nxe5 34. Rxe7
Nf3+ 35. Kg2 Nxd2 36. Nf7+ Kg8 37. Nxd8 Rxd8 38. Rcc7 Bf8 39. Rxh7 Nc4 40. Bxc4
dxc4 41. Rhd7 1-0

[Event "I Open B"]
[Site "Pedavena ITA"]
[Date "2005.08.06"]
[Round "6"]
[White "Buzzati, Francesco"]
[Black "De Colle, Camillo"]
[Result "1-0"]
[WhiteElo "1658"]
[BlackElo "1661"]
[PlyCount "119"]
[EventDate "2005.08.03"]

1. e4 e6 2. d4 d5 3. exd5 exd5 4. Nf3 Bd6 5. Nc3 c6 6. Bd3 Bg4 7. O-O Ne7 8.
Re1 O-O 9. Bxh7+ Kh8 10. Bd3 Bh5 11. Be2 Bg6 12. Ne5 Bxe5 13. dxe5 Kh7 14. Bd3
Rh8 15. Bg5 Qd7 16. e6 fxe6 17. Bxe7 Bxd3 18. Qxd3+ Kg8 19. Ba3 Na6 20. Qe3 Nc7
21. Bc5 b6 22. Ba3 c5 23. Qe5 Rf8 24. Ne2 Rf5 25. Qg3 Rhh5 26. Qe3 Qd6 27. Ng3
Re5 28. Qd3 Rh4 29. Rxe5 Qxe5 30. Qe3 Qf6 31. Re1 Kf7 32. Qe5 Nb5 33. Qxf6+
gxf6 34. Re3 Nd4 35. Rc3 f5 36. Bxc5 bxc5 37. Rxc5 f4 38. Nf1 Kf6 39. Rc7 a5
40. c3 Ne2+ 41. Kh1 d4 42. cxd4 Nxd4 43. Rc5 f3 44. Rxa5 Re4 45. gxf3 Nxf3 46.
Kg2 Ne5 47. Ne3 Nd3 48. b3 e5 49. a3 Kg5 50. Ra8 Nf4+ 51. Kf3 Rd4 52. h4+ Kg6
53. b4 Ne6 54. Ra6 Kf7 55. b5 Rxh4 56. b6 Rh8 57. Ra7+ Ke8 58. Ra8+ Nd8 59. b7
e4+ 60. Ke2 1-0

[Event "I Open B"]
[Site "Pedavena ITA"]
[Date "2005.08.06"]
[Round "6"]
[White "Capizzi, Filippo"]
[Black "Cusella, Flaviano"]
[Result "0-1"]
[WhiteElo "1401"]
[BlackElo "1479"]
[PlyCount "94"]
[EventDate "2005.08.03"]

1. d4 Nf6 2. c4 g6 3. Nc3 Bg7 4. e4 d6 5. Be2 O-O 6. Nf3 e5 7. d5 a5 8. O-O Na6
9. Bg5 h6 10. Bh4 g5 11. Bg3 Nh5 12. Nd2 Nxg3 13. fxg3 f5 14. a3 Nc5 15. b4
axb4 16. axb4 Rxa1 17. Qxa1 Nxe4 18. Ndxe4 fxe4 19. Rxf8+ Qxf8 20. Nxe4 Bf5 21.
Qb1 Qa8 22. Qf1 Bxe4 23. Bf3 Bxf3 24. gxf3 Qa7+ 25. Kg2 Qd4 26. Qe2 c6 27. Qa2
cxd5 28. cxd5 Qxb4 29. h4 e4 30. Qa8+ Kh7 31. fxe4 Qxe4+ 32. Kh3 Qxd5 33. hxg5
hxg5 34. Qd8 Qf5+ 35. Kg2 Qg6 36. Qd7 g4 37. Qxb7 Qc2+ 38. Kf1 Qf5+ 39. Ke1 Qf3
40. Qxf3 gxf3 41. Kf2 Kg6 42. Kxf3 Kf5 43. g4+ Ke5 44. Ke3 Bf6 45. Kd3 Kf4 46.
Kc4 Be5 47. Kd5 Kxg4 {...} 0-1

[Event "I Open B"]
[Site "Pedavena ITA"]
[Date "2005.08.06"]
[Round "6"]
[White "Cassol, Michele"]
[Black "Schenal, Giacomo"]
[Result "1-0"]
[WhiteElo "1694"]
[BlackElo "1670"]
[PlyCount "83"]
[EventDate "2005.08.03"]

1. e4 c5 2. Nf3 d6 3. d4 cxd4 4. Nxd4 Nc6 5. Nc3 g6 6. Be2 Bg7 7. Nb3 Nf6 8.
Be3 O-O 9. O-O a6 10. a4 Be6 11. a5 Bxb3 12. Bb6 Qc8 13. cxb3 Re8 14. h3 Qd7
15. Re1 Rec8 16. Bf1 e5 17. Qd2 Bf8 18. Rad1 Qe7 19. Bd3 Kh8 20. Bb1 Nb8 21.
Na4 Nc6 22. Be3 Nd7 23. Nc3 f6 24. Nd5 Qg7 25. Ba2 Ne7 26. Nc3 Nc6 27. Nd5 Ne7
28. Bh6 Qxh6 29. Qxh6 Bxh6 30. Nxe7 Re8 31. Nd5 Rac8 32. Nc3 Bf8 33. b4 Rb8 34.
Nd5 Rbc8 35. Nc3 Kg7 36. Rc1 b6 37. Nd5 bxa5 38. bxa5 Nc5 39. Rc4 Nd3 40. Re2
Rxc4 41. Bxc4 Nc5 42. b4 1-0

[Event "I Open B"]
[Site "Pedavena ITA"]
[Date "2005.08.06"]
[Round "6"]
[White "Cocuzzi, Edoardo"]
[Black "Merciari, Moreno"]
[Result "0-1"]
[WhiteElo "1689"]
[BlackElo "1715"]
[PlyCount "90"]
[EventDate "2005.08.03"]

1. e4 e5 2. Bc4 Be7 3. Nf3 d6 4. h3 Nf6 5. d3 h6 6. Nc3 O-O 7. O-O c6 8. a3 Nh7
9. Nh2 Bg5 10. b4 Bxc1 11. Qxc1 b5 12. Bb3 a5 13. f4 exf4 14. Rxf4 Be6 15. Bxe6
fxe6 16. Rxf8+ Qxf8 17. Ne2 e5 18. Ng4 Nf6 19. Ne3 g6 20. Ng3 Nbd7 21. c4 Qb8
22. Nc2 Kg7 23. Ne3 Qb6 24. cxb5 cxb5 25. Ngf1 axb4 26. axb4 Ra4 27. Rxa4 bxa4
28. Qa3 Qb5 29. Nc4 d5 30. Nb2 Nb6 31. Nd2 Kf7 32. Kf2 Ke6 33. Kf3 h5 34. g4
hxg4+ 35. hxg4 g5 36. Nb1 dxe4+ 37. dxe4 Qf1+ 38. Ke3 Nxg4+ 39. Kd2 Qxb1 40.
Ke2 Qxe4+ 41. Kd2 Qg2+ 42. Kc1 Qf1+ 43. Kd2 Qf2+ 44. Kc1 Ne3 45. Qa2+ Nbc4 0-1

[Event "I Open B"]
[Site "Pedavena ITA"]
[Date "2005.08.06"]
[Round "6"]
[White "Fabrello, Alessandro"]
[Black "Giorgiutti, Jacopo"]
[Result "1-0"]
[WhiteElo "1506"]
[BlackElo "1428"]
[PlyCount "71"]
[EventDate "2005.08.03"]

1. d4 d5 2. Nf3 Nf6 3. e3 Bg4 4. Nbd2 c5 5. c3 Nc6 6. Be2 e6 7. O-O c4 8. Re1
Be7 9. Bf1 O-O 10. e4 Re8 11. e5 Nd7 12. Be2 a6 13. Nf1 f6 14. exf6 Nxf6 15.
Ng3 b5 16. Ne5 Bxe2 17. Qxe2 Nxe5 18. dxe5 Nd7 19. Qg4 Nf8 20. Nh5 Ng6 21.
Qxe6+ Kh8 22. Qg4 Qc8 23. e6 Ra7 24. Qd4 Bc5 25. Qxd5 Rd7 26. Qg5 Rde7 27. Nf4
Nxf4 28. Bxf4 Rxe6 29. Be5 Rg6 30. Qd2 h6 31. Rad1 Qb7 32. Bg3 Bb6 33. Kf1 a5
34. Qd5 Qa6 35. Qf5 Rf6 36. Qd7 {...} 1-0

[Event "I Open B"]
[Site "Pedavena ITA"]
[Date "2005.08.06"]
[Round "6"]
[White "Giuliani, Andrea"]
[Black "Paveglio, Mattia"]
[Result "1-0"]
[WhiteElo "1523"]
[BlackElo "1515"]
[PlyCount "101"]
[EventDate "2005.08.03"]

1. f4 e6 2. Nf3 Nf6 3. e3 b6 4. b3 Bb7 5. Bb2 Nc6 6. Bd3 Bd6 7. Qe2 Qe7 8. a3
a5 9. Nc3 e5 10. fxe5 Nxe5 11. Nb5 Nxd3+ 12. Qxd3 Ba6 13. Nxd6+ Qxd6 14. Qxd6
cxd6 15. d3 Rc8 16. Bxf6 gxf6 17. Kd2 Bb7 18. Rhf1 Rg8 19. g3 Bxf3 20. Rxf3 Ke7
21. Raf1 Rg6 22. Rf4 Rc5 23. Rh4 h6 24. b4 Re5 25. Rb1 f5 26. bxa5 bxa5 27. d4
Re4 28. Rxe4+ fxe4 29. Rb5 Rg5 30. a4 Kd8 31. Kc3 Kc7 32. Kc4 Kc6 33. Rxg5 hxg5
34. d5+ Kb6 35. Kd4 f5 36. h3 Kc7 37. Kc3 Kd8 38. Kd4 Ke7 39. g4 Kf6 40. gxf5
Kxf5 41. c3 Kg6 42. Kxe4 Kh5 43. Kf5 Kh4 44. Kg6 g4 45. hxg4 Kxg4 46. Kf6 Kf3
47. Ke7 Ke4 48. Kxd7 Kxe3 49. Kxd6 Kd3 50. Kc6 Kxc3 51. Kb5 1-0

[Event "I Open B"]
[Site "Pedavena ITA"]
[Date "2005.08.06"]
[Round "6"]
[White "Muscara', Ilaria"]
[Black "Chiesa, Roberto"]
[Result "1/2-1/2"]
[WhiteElo "1535"]
[BlackElo "1682"]
[PlyCount "89"]
[EventDate "2005.08.03"]

1. e4 e6 2. d4 d5 3. exd5 exd5 4. Nc3 Bb4 5. Bd2 Nf6 6. a3 Bxc3 7. Bxc3 O-O 8.
Nf3 Ne4 9. Bb4 Re8 10. Be2 Nc6 11. O-O a5 12. Bd2 Qf6 13. c3 Bg4 14. h3 Bd7 15.
Re1 Re7 16. Bd3 Rae8 17. Bxe4 Rxe4 18. Nh2 Qg6 19. Qf3 Ne7 20. Rxe4 dxe4 21.
Qg3 Qxg3 22. fxg3 Nf5 23. g4 e3 24. gxf5 exd2 25. Nf3 Re2 26. Rd1 Bxf5 27. Rxd2
Rxd2 28. Nxd2 b5 29. Kf2 Be6 30. b3 Kf8 31. c4 c6 32. Ke3 Ke7 33. Ke4 Kd6 34.
cxb5 cxb5 35. Kd3 f5 36. Ke3 g5 37. g3 Kd7 38. b4 axb4 39. axb4 h6 40. Kd3 Bf7
41. Kc3 Be6 42. Kd3 f4 43. gxf4 Bxh3 44. fxg5 hxg5 45. Ke3 1/2-1/2

[Event "I Open B"]
[Site "Pedavena ITA"]
[Date "2005.08.06"]
[Round "6"]
[White "Tonus, Alex"]
[Black "Capizzi, Biagio"]
[Result "1-0"]
[WhiteElo "1702"]
[BlackElo "1578"]
[PlyCount "53"]
[EventDate "2005.08.03"]

1. e4 c5 2. Nf3 d6 3. d4 cxd4 4. Nxd4 Nf6 5. Nc3 g6 6. Be3 Bg7 7. f3 Nc6 8. Qd2
O-O 9. Bc4 Bd7 10. h4 h5 11. O-O-O Rc8 12. Bb3 Ne5 13. Bh6 Nc4 14. Bxc4 Rxc4
15. Bxg7 Kxg7 16. g4 Qa5 17. Nb3 Qc7 18. gxh5 Nxh5 19. Rhg1 Kh7 20. Nd5 Qd8 21.
Nf4 Rg8 22. Nxh5 gxh5 23. Qd5 Rxg1 24. Qxh5+ Kg7 25. Rxg1+ Kf6 26. Qg5+ Ke6 27.
Qf5# 1-0

[Event "XI Torneo Leonardo di Bona Nazionale"]
[Site "Cutro ITA"]
[Date "2005.04.24"]
[Round "1"]
[White "Camposano, Antonio"]
[Black "Zavaglia, Giuseppe"]
[Result "0-1"]
[WhiteElo "1425"]
[BlackElo "1730"]
[PlyCount "96"]
[EventDate "2005.04.24"]

1. d4 Nf6 2. c4 e6 3. Nc3 Bb4 4. Qc2 Nc6 5. e3 b6 6. Bd2 Bb7 7. Nf3 O-O 8. Bd3
h6 9. O-O Re8 10. a3 Bf8 11. Rae1 d5 12. Ne5 Nxe5 13. dxe5 Ng4 14. b3 dxc4 15.
bxc4 Qh4 16. h3 Nxe5 17. Be4 Bxe4 18. Qxe4 Qxe4 19. Nxe4 f5 20. f4 Nxc4 21. Bc1
fxe4 22. a4 Rad8 23. Rd1 Bc5 24. Rxd8 Rxd8 25. Re1 Rd3 26. Kf2 Ba3 27. g4 c5
28. h4 Bxc1 29. Rxc1 Nxe3 30. Re1 Nxg4+ 31. Kf1 Rf3+ 32. Kg2 Rxf4 33. Kg3 e5
34. Rd1 e3 35. Rd5 Re4 36. Kf3 e2 37. Kxe4 Nf6+ 38. Kf3 e1=Q 39. Rd8+ Kh7 40.
Rf8 Qe4+ 41. Kf2 Ng4+ 42. Kg3 h5 43. Kh3 Qe2 44. Kg3 e4 45. Kf4 Kg6 46. Kg3
Qe1+ 47. Kh3 Qg1 48. Rf1 Qh2# 0-1

[Event "XI Torneo Leonardo di Bona Nazionale"]
[Site "Cutro ITA"]
[Date "2005.04.24"]
[Round "1"]
[White "Condello, Giuseppe"]
[Black "Levato, Biagio"]
[Result "1-0"]
[WhiteElo "1861"]
[BlackElo "1531"]
[PlyCount "67"]
[EventDate "2005.04.24"]

1. e4 c5 2. Nf3 Nc6 3. d4 cxd4 4. Nxd4 e6 5. Be2 a6 6. O-O Qc7 7. c3 b5 8. a3
Nf6 9. f3 Bb7 10. Bg5 Be7 11. Kh1 h6 12. Be3 Rd8 13. Nd2 d5 14. Qe1 Ne5 15. Qg3
dxe4 16. fxe4 Kd7 17. Bf4 Bd6 18. Qxg7 Ke7 19. Bg3 Ned7 20. Rxf6 Nxf6 21. Bxd6+
Qxd6 22. Rf1 Qe5 23. N4f3 Rdg8 24. Qxg8 Qxh2+ 25. Nxh2 Rxg8 26. Bf3 Ba8 27. Re1
Nd7 28. Nb3 e5 29. Ng4 f6 30. Ne3 Nb6 31. Nc5 a5 32. Nf5+ Kf8 33. Rd1 Ke8 34.
Bh5+ 1-0

[Event "XI Torneo Leonardo di Bona Nazionale"]
[Site "Cutro ITA"]
[Date "2005.04.24"]
[Round "1"]
[White "De Marco, Francesco"]
[Black "Ielapi, Gianbattista"]
[Result "1-0"]
[WhiteElo "1884"]
[BlackElo "1536"]
[PlyCount "55"]
[EventDate "2005.04.24"]

1. e4 c5 2. Nf3 Nc6 3. d4 cxd4 4. Nxd4 d6 5. Be2 g6 6. Be3 Bg7 7. Nc3 Nf6 8.
Qd2 O-O 9. f3 Bd7 10. Nb3 a6 11. O-O-O b5 12. g4 Na5 13. h4 Nc4 14. Bxc4 bxc4
15. Nd4 h5 16. gxh5 Nxh5 17. Bh6 Rb8 18. Bxg7 Kxg7 19. Rhg1 Qb6 20. Nf5+ Bxf5
21. exf5 Rg8 22. fxg6 fxg6 23. b3 cxb3 24. axb3 Rbf8 25. Nd5 Qb7 26. Qg5 Kh7
27. Nxe7 Rg7 28. Nxg6 1-0

[Event "XI Torneo Leonardo di Bona Nazionale"]
[Site "Cutro ITA"]
[Date "2005.04.24"]
[Round "1"]
[White "Forlano, Luigi"]
[Black "Alo', Lucio"]
[Result "1-0"]
[WhiteElo "1912"]
[BlackElo "1601"]
[PlyCount "47"]
[EventDate "2005.04.24"]

1. c4 d5 2. cxd5 Qxd5 3. Nc3 Qd8 4. d4 e6 5. e4 Bd7 6. Nf3 h6 7. Bf4 Bb4 8. Bd3
Ne7 9. Rc1 Ng6 10. Be3 Ba5 11. O-O O-O 12. Qc2 f5 13. d5 Qc8 14. Bc5 Rf7 15.
exf5 exf5 16. Na4 b5 17. b4 bxa4 18. bxa5 Nf4 19. Bc4 Rf6 20. Ne5 Kh7 21. Be7
Qe8 22. Bxf6 gxf6 23. Nxd7 Qg6 24. Nf8+ 1-0

[Event "XI Torneo Leonardo di Bona Nazionale"]
[Site "Cutro ITA"]
[Date "2005.04.24"]
[Round "1"]
[White "Frontera, Domenico"]
[Black "Rotunno, Giuseppe"]
[Result "0-1"]
[WhiteElo "1632"]
[BlackElo "1961"]
[PlyCount "65"]
[EventDate "2005.04.24"]

1. e4 c5 2. Nf3 e6 3. d4 cxd4 4. Nxd4 Nf6 5. Nc3 d6 6. Bc4 Be7 7. O-O a6 8. Be3
b5 9. Bb3 b4 10. Na4 Nxe4 11. Qg4 Nf6 12. Qxg7 Rg8 13. Qh6 Bb7 14. f3 Rg6 15.
Qh3 Bd5 16. Rac1 Bxb3 17. cxb3 Nd5 18. Bd2 Bf6 19. Nxe6 fxe6 20. Qxe6+ Ne7 21.
Qc4 d5 22. Qxb4 Nbc6 23. Qa3 Nd4 24. Kh1 Ndf5 25. Bf4 Rc8 26. Nc5 Bd4 27. Qa4+
Kf7 28. Nd3 Re6 29. g4 Ne3 30. Qxd4 Nxf1 31. Rxf1 Ng6 32. Bh6 Qd6 33. Qg7+ 0-1

[Event "XI Torneo Leonardo di Bona Nazionale"]
[Site "Cutro ITA"]
[Date "2005.04.24"]
[Round "1"]
[White "Frontera, Giuseppe"]
[Black "Carabetta, Alfredo"]
[Result "1-0"]
[WhiteElo "1826"]
[BlackElo "1497"]
[PlyCount "120"]
[EventDate "2005.04.24"]

1. e4 c6 2. c4 d5 3. exd5 cxd5 4. cxd5 Qxd5 5. Nc3 Qe5+ 6. Be2 Bg4 7. d4 Bxe2
8. Ngxe2 Qc7 9. Bf4 Qd7 10. O-O Nf6 11. Qb3 a6 12. Rac1 e6 13. Rfd1 Bd6 14.
Bxd6 Qxd6 15. Qxb7 Qc6 16. Qb4 Nbd7 17. d5 Qc5 18. Qa4 O-O 19. dxe6 fxe6 20.
Rxd7 Nxd7 21. Qxd7 Qxf2+ 22. Kh1 Kh8 23. Qxe6 Rf6 24. Qg4 Rg6 25. Qf3 Qxf3 26.
gxf3 h6 27. Rd1 Rb8 28. b3 Re6 29. Kg2 g5 30. Kf2 h5 31. h3 Rf8 32. Rd5 Rg6 33.
Ng3 h4 34. Nge4 g4 35. hxg4 Rxg4 36. Rh5+ Kg7 37. Rg5+ Rxg5 38. Nxg5 Kh6 39.
Nge4 Rg8 40. Ne2 h3 41. N2g3 Rc8 42. Nf5+ Kh5 43. Ne3 Rc1 44. Kg3 Rh1 45. Nc5
Re1 46. Nc4 h2 47. Kxh2 Re2+ 48. Kg3 Rxa2 49. Kf4 Kg6 50. Ke5 Re2+ 51. Ne4 Ra2
52. f4 a5 53. f5+ Kf7 54. Ncd6+ Ke7 55. f6+ Kf8 56. Nc5 Re2+ 57. Kd5 Rf2 58.
Ne6+ Kg8 59. f7+ Rxf7 60. Nxf7 Kxf7 1-0

[Event "XI Torneo Leonardo di Bona Nazionale"]
[Site "Cutro ITA"]
[Date "2005.04.24"]
[Round "1"]
[White "Guzzo, Giovanni"]
[Black "Camposano, Francesco"]
[Result "1-0"]
[WhiteElo "1777"]
[BlackElo "1455"]
[PlyCount "85"]
[EventDate "2005.04.24"]

1. e4 d6 2. Nf3 g6 3. g3 Nf6 4. d3 e5 5. Bg2 Bg7 6. O-O O-O 7. Nbd2 Bd7 8. b3
Qc8 9. Re1 Bh3 10. Bh1 Nbd7 11. Bb2 Qe8 12. Rb1 b6 13. Ng5 Bg4 14. f3 Bh6 15.
Nxh7 Bxf3 16. Nxf6+ Kh8 17. Nxe8 Bxd1 18. Rbxd1 Raxe8 19. Nf3 f5 20. Nh4 Kh7
21. exf5 gxf5 22. Bc6 Rd8 23. Bc1 Bxc1 24. Rxc1 Nb8 25. Bg2 Rf6 26. Rf1 Rdf8
27. Rf2 Nc6 28. Bxc6 Kh6 29. Rcf1 Kg5 30. Bg2 f4 31. Nf3+ Kg4 32. Ne1 Rh8 33.
gxf4 exf4 34. Nf3 c5 35. Nd2 Rd8 36. h3+ Kh5 37. Bf3+ Kh4 38. Bg4 Kg3 39. Ne4+
Kh4 40. Nxf6 d5 41. Rxf4 d4 42. Ne4 b5 43. Kh2 1-0